Základy metrológie : pH-metria /

Saved in:
Bibliographic Details
Main Authors: Berčík, Juraj (Author), Thurzo, Alexander (Author)
Format: Book
Language:Czech
Published: Bratislava : Alfa, 1982
Edition:1.vyd.
Subjects:
Tags: Add Tag
No Tags, Be the first to tag this record!

MARC

LEADER 00000nam a22000003a 4500
001 stu43346
005 20150617225717.0
008 940907s1982----cs------------------cze-d
040 |a STU  |b slo 
041 0 |a cze 
044 |a cs 
080 |a 53.08 
080 |a 543.257.1 
100 1 |a Berčík, Juraj  |4 aut 
245 1 |a Základy metrológie :  |b pH-metria /  |c [aut.]Juraj Berčík, Alexander Thurzo 
250 |a 1.vyd. 
260 |a Bratislava :  |b Alfa,  |c 1982 
300 |a 100 s 
650 7 |a metrológia  |2 stusub 
700 1 |a Thurzo, Alexander  |4 aut 
996 |b 284M053490  |c M*8695/4-1  |l MMKN  |s A  |a 24  |w stu43346_0001